Development of Incomes and Expenditures in Slovak Households
Príjem domácností ako jeden zo základných ukazovateľov ľudského životného štandardu. Indikátor príjmov spojený s ukazovateľom výdavkov dopĺňa pohľad na životnú úroveň domácností. Zmeny v posledných dvoch desaťročiach na Slovensku. Rastúca životná úroveň a trendy budúcnosti. Regionálne rozdiely v prí...
Salvato in:
| Autore principale: | |
|---|---|
| Natura: | Capitolo di libro |
| Lingua: | inglese |
| Soggetti: | |
| Tags: |
Nessun Tag, puoi essere il primo ad aggiungerne!!
|
MARC
| LEADER | 00000naa a2200000 4500 | ||
|---|---|---|---|
| 001 | 0251721 | ||
| 005 | 20221104110221.6 | ||
| 041 | 0 | |a eng | |
| 044 | |a SK | ||
| 245 | 1 | 0 | |a Development of Incomes and Expenditures in Slovak Households |c Zuzana Laziková |
| 520 | |a Príjem domácností ako jeden zo základných ukazovateľov ľudského životného štandardu. Indikátor príjmov spojený s ukazovateľom výdavkov dopĺňa pohľad na životnú úroveň domácností. Zmeny v posledných dvoch desaťročiach na Slovensku. Rastúca životná úroveň a trendy budúcnosti. Regionálne rozdiely v príjmoch a výdavkoch v SR. | ||
| 610 | 2 | 0 | |a výdavky obyvateľstva |
| 610 | 2 | 0 | |a príjmy domácností |
| 610 | 2 | 0 | |a úroveň životná |
| 610 | 2 | 0 | |a vývoj hospodársky |
| 610 | 2 | 0 | |a vývoj cenový |
| 610 | 2 | 0 | |a vývoj regionálny |
| 610 | 2 | 0 | |a Slovensko |
| 610 | 2 | 0 | |a domácnosti |
| 100 | 1 | |a Laziková, Zuzana | |